Úloha a poslání ministerstva dopravy USA

Dopravný systém USA sa skladá z rozsiahlej a veľmi komplikovanej siete diaľníc, železníc, leteckých ciest, riek a ciest. Úlohou ministerstva dopravy USA (the Department of Transportation - DOT) je zabezpečovať bezpečnosť a spoľahlivosť všetkých foriem dopravy, ochranu záujmov používateľov, plánovani...

Full description

Saved in:
Bibliographic Details
Main Author: Slavíček, V.
Format: Book Chapter
Language:Czech
Subjects:
Tags: Add Tag
No Tags, Be the first to tag this record!

MARC

LEADER 00000naa a2200000 4500
001 r024401
005 20221205085917.6
041 0 |a cze 
044 |a CZ 
245 1 0 |a Úloha a poslání ministerstva dopravy USA  |c V. Slavíček 
520 |a Dopravný systém USA sa skladá z rozsiahlej a veľmi komplikovanej siete diaľníc, železníc, leteckých ciest, riek a ciest. Úlohou ministerstva dopravy USA (the Department of Transportation - DOT) je zabezpečovať bezpečnosť a spoľahlivosť všetkých foriem dopravy, ochranu záujmov používateľov, plánovanie, výskum. Dopravná politika USA. Náplň činností jednotlivých výkonných správ ministerstva dopravy. 
610 2 0 |a doprava 
610 2 0 |a politika dopravná 
610 2 0 |a USA 
610 2 0 |a ministerstvá 
610 2 0 |a železnice 
610 2 0 |a doprava letecká 
610 2 0 |a diaľnice 
610 2 0 |a doprava cestná 
610 2 0 |a doprava vodná 
610 2 0 |a doprava námorná 
610 2 0 |a infraštruktúra 
610 2 0 |a bezpečnosť dopravy 
610 2 0 |a predpisy 
100 1 |a Slavíček, V.